• 首页
  • 本馆介绍
  • 公告通知
  • 最新文献
  • 馆藏检索
  • 电子资源
  • 读者导购
  • 参考咨询
  • 我的图书馆
  • 登录
  • 详细信息显示
  • 放入我的书架
  • 预约/预借图书
  • 作者相关作品
  • 分类相关作品
  • 丛书相关作品
  • 出版社相关作品

书目信息

  • 表格格式
  • 工作单格式
  • 卡片格式
题名:
约尔旦/埃格特/克奈斯尔 测量全书
    
 
作者: 卡尔·林纳 著 ;邵德华 译
分册: 第Ⅲα卷   摄影测量学
出版信息: 北京   测绘出版社  1985.03
页数: 499页
开本: 26cm
丛书名:
单 册:
中图分类: P23
科图分类:
主题词: 摄影测量法
电子资源:
ISBN:
000 00730nam0 2200229 45
001 0405201478
005 20040520150216.6
010    @dCNY6.55
091    @a15039.新320
100    @a20040520d1985 km y0chiy0120 ea
101 0  @achi
105    @a z 000yy
200 1  @a约尔旦/埃格特/克奈斯尔 测量全书@h第Ⅲα卷@i摄影测量学@h第二册@AYue Er Dan/Ai Ge Te/Ke Nai Si Er Ce Liang Quan Shu@f卡尔·林纳等著@FKa Er·Lin Na Deng Zhu@g邵德华译
210    @a北京@c测绘出版社@d1985.03
215    @a499页@d26cm
517    @a摄影测量学@AShe Ying Ce Liang Xue
606 0  @a摄影测量法
690    @aP23@v3
701  0 @a卡尔·林纳@4著
702  0 @a邵德华@AShao De Hua@4译
801    @aCN@bPftUser@c20040520
905    @f1@b132281@dP23@e30:2
    
    约尔旦/埃格特/克奈斯尔 测量全书.第Ⅲα卷.摄影测量学.第二册/卡尔·林纳等著/邵德华译.-北京:测绘出版社,1985.03
    499页;26cm
    
    
    ISBN :CNY6.55
    
●
相关链接 在E读中查询图书 在五车中查询图书 在当当中查询图书 在豆瓣中查询图书


正题名:约尔旦/埃格特/克奈斯尔 测量全书     索取号:P23/30:2         预约/预借

序号 登录号 条形码 馆藏地/架位号 状态 备注
1 0132281   000625693   第三借阅区/ [索取号:P23/30:2] 在馆    
2 0132282   202105701   第二样本阅览室/ [索取号:P23/30:2] 在馆    
唐山师范学院图书馆 欢迎您!
大连网信软件有限公司© 版权所有